000 00922nac a22002897a 4500
001 BR9801752
003 BR-BrBNA
005 20240105122110.0
008 230509b bl.|||m| |||| 00| 0 por d
040 _aBR-BrBNA
_bpor
_cBiblioteca Nacional de Agricultura
072 _aH20
090 _a1000 BR9801752
100 1 _aGasparotto, L.
100 1 _aPereira, J.C.R.
110 1 _aCentro de Pesquisa Agroflorestal da Amazonia Ocidental, Manaus, AM (Brasil)
245 1 _aA leprose dos citros no Estado do Amazonas
260 3 _aManaus, AM (Brasil):
_c1997.
300 _a3 p.
490 _aInstrucoes Tecnicas - Centro de Pesquisa Agroflorestal da Amazonia Ocidental (Brazil)
_vno. 5
_xISSN 0104-1142
650 _aFruta Citrica
650 _aLeprose Citrica
650 _aVirus
650 _aPulverizacao
650 _aAmazonas
909 _a202312
_bLúcia Elande
_c55
_dLúcia Elande
942 _2AGRIS
_n0
_cMS
999 _c289193
_d289193